Statistics for World's Top Selling Ice Cream Brands

Click here to take the quiz!

General Stats

  • This quiz has been taken 38 times
  • The average score is 4 of 15

Answer Stats

Global SalesAnswer% Correct
$1.232 BillionBen & Jerry's
77%
$2.086 BillionHäagen-Dazs
54%
$960 MillionBreyers
46%
$449 MillionNestlé
34%
$723 MillionBlue Bunny
31%
$2.540 BillionMagnum
31%
$773 MillionDreyer's / Edy's
29%
$1.595 BillionCornetto
20%
$616 MillionDrumstick
9%
$652 MillionKlondike
9%
$432 MillionPopsicle
9%
$827 MillionCarte d'Or
3%
$434 MillionMeiji
3%
$575 MillionMihan
3%
$436 MillionOutshine
0%

Score Distribution

Percentile by Number Answered

Percent of People with Each Score

Your Score History

You have not taken this quiz